书目信息 |
| 题名: |
数字信号分析
|
|
| 作者: | 斯特恩斯 , Stearns 著 ;高顺泉 译 | |
| 分册: | ||
| 出版信息: | 北京 人民邮电出版社 1983 |
|
| 页数: | 417页 | |
| 开本: | 19cm | |
| 丛书名: | ||
| 单 册: | ||
| 中图分类: | TN911.72 , TP14 | |
| 科图分类: | ||
| 主题词: | 数字信号-信号分析 , 信号分析-数字信号 , 自动信息理论 | |
| 电子资源: | ||
| ISBN: | ||
| 000 | 00854nam0 2200301 45 | |
| 001 | 0183005016 | |
| 005 | 20040519170255.1 | |
| 010 | @dCNY1.75 | |
| 091 | @a15045.总2721-有5296 | |
| 100 | @a19950725d1983 em y0chiy0121 ea | |
| 101 | 1 | @achi@ceng |
| 102 | @aCN@b110000 | |
| 105 | @ay z 000yy | |
| 106 | @ar | |
| 200 | 10 | @a数字信号分析@Ashu zi xin hao fen xi@f(美)塞缪尔·D.斯特恩斯(S.D.Stearns)著@g高顺泉等译 |
| 210 | @a北京@c人民邮电出版社@d1983 | |
| 215 | @a417页@d19cm | |
| 606 | @a数字信号-信号分析 | |
| 606 | @a信号分析-数字信号 | |
| 606 | 0 | @a自动信息理论 |
| 690 | @aTN911.72@v3 | |
| 690 | @aTP14 | |
| 701 | 1 | @a斯特恩斯@Asi te en si@b塞缪尔·D.@4著 |
| 701 | A1 | @aStearns@bS.D.@4著 |
| 702 | 0 | @a高顺泉@Agao shun quan@4译 |
| 801 | 0 | @aCN@b上海图书馆@c20040519 |
| 801 | 2 | @aCN@bNLC@c20040519 |
| 905 | @f1@b101480@dTP14@e17 | |
| 数字信号分析/(美)塞缪尔·D.斯特恩斯(S.D.Stearns)著/高顺泉等译.-北京:人民邮电出版社,1983 |
| 417页;19cm |
| ISBN :CNY1.75 |
| ● |
| 相关链接 |
|
|
|
|
正题名:数字信号分析
索取号:TP14/17
 
预约/预借
| 序号 | 登录号 | 条形码 | 馆藏地/架位号 | 状态 | 备注 |
| 1 | 0101480 | 000702163 | 第三借阅区/ [索取号:TP14/17] | 在馆 | |
| 2 | 0101481 | 000702136 | 第二样本阅览室/ [索取号:TP14/17] | 在馆 |